| 000 | 00427cam a2200169ua 4500 | ||
|---|---|---|---|
| 020 | _c12.00 | ||
| 041 |
_ahin _h |
||
| 082 |
_a891.54 _bBHA/VI |
||
| 100 | _aSharan Upadyay, Bhagavat . | ||
| 245 |
_aVishwa sahitya ki rooprekha / _cBhagvat Sharan Upadyay. _hTextual Documents |
||
| 260 |
_a : _bRajpal and Sanch , _c1959. |
||
| 300 | _a560 ; . | ||
| 365 | _a12.00 | ||
| 504 | _a | ||
| 942 | _cBK | ||
| 999 |
_c6473 _d6473 |
||